Estoy estudiando : Prácticas del Lenguaje 1 /

Guardado en:
Autor Principal: Maldonado, Laura.
Otros Autores: Belluccini, María Laura., Sánchez, Norberto., Torres, Patricia.
Formato: Libro
Idioma:Undetermined
Publicado: Buenos Aires : EDIBA, 2023.
Edición:1a ed.
Series:Libros para aprender
Materias:
Etiquetas: Agregar Etiqueta
Sin Etiquetas, Sea el primero en etiquetar este registro!
LEADER 01503nam a22003375a 4500
001 CEM.cems020921
008 240315s2023####ag############000#0#und#d
005 20250610184246.0
245 1 0 |a Estoy estudiando :  |b Prácticas del Lenguaje 1 /  |c Laura Maldonado ... y otros. 
250 |a 1a ed. 
260 |a Buenos Aires :  |b EDIBA,  |c 2023. 
300 |a 144 p. 
440 0 |a Libros para aprender 
500 |a Edición especial del Ministerio de Educación. 
505 0 |a Palabras para atesorar -- Las bibliotecas -- Jugamos con las palabras -- Viajamos con palabras -- Conocemos historietas -- Rondas de cuentos con abuelas y abuelos -- Nos informamos -- Entre refugios y libros 
020 |a 9789875835511 
100 1 |a Maldonado, Laura. 
700 1 |a Belluccini, María Laura. 
700 1 |a Sánchez, Norberto. 
700 1 |a Torres, Patricia. 
653 |a Prácticas del lenguaje 
653 |a Lengua 
653 |a Literatura 
653 |a Lengua y literatura 
653 |a Lengua-Educación Secundaria Básica 
859 |a CEMS  |b BIB. CEMS - Inicial y Primaria  |h 468  |i M293  |k IP  |p 6634  |t Ej.1  |3 1 
859 |a CEMS  |b BIB. CEMS - Ccias. Educacion  |h 468  |i M293  |k CE  |p 29912.24  |t Ej.1  |3 1 
859 |a CEMS  |b BIB. CEMS - Inicial y Primaria  |h 468  |i M293  |k IP  |p 6635  |t Ej.2  |3 1 
859 |a CEMS  |b BIB. CEMS - Ccias. Educacion  |h 468  |i M293  |k CE  |p 29922.24  |t Ej.2  |3 1 
859 |a CEMS  |b BIB. CEMS - Inicial y Primaria  |h 468  |i M293  |k IP  |p 6646  |t Ej.3  |3 1 
859 |a CEMS  |b BIB. CEMS - Inicial y Primaria  |h 468  |i M293  |k IP  |p 6647  |t Ej.4  |3 1